000 01099 a2200241 4500
005 20080905111134.0
008 080905t xxu||||| |||| 00| 0 hin d
010 _aHIN-79075
020 _c150.00
_a8190266144
035 _aHN-51422
037 _bD.B.Act / pub
082 _a
100 _aभाटी, चेतना
245 _aउल्टी गिनती
_cचेतना भाटी
246 _aUlti Ginati
_bby Chetna Bhati
260 _aदिल्ली
_bप्रगतिशील प्रकाशन
_c2006
270 _a16, अंसारी रोड, शांतिमोहन हाउस, प्रथम मंजिल, दरियागंज
_bदिल्ली
_e110002
300 _a127पृ
_c22 सेमी (सजिल्द)
650 _aकहानियाँ
650 _aStories
942 _adpl
_cHN
_kक / भाटीचे
_2ddc
_h
_mभाटीचे
999 _c1197
_d1197